Bornologies and functional analysis: introductory course on the theory of duality topology-bornology and its use in functional analysis

Đã lưu trong:
Chi tiết về thư mục
Tác giả chính: Hogbe-Nlend, Henri (Tác giả)
Định dạng: Sách
Ngôn ngữ:Tiếng Anh
Được phát hành: Amsterdam North-Holland 1977
Loạt:North-Holland Mathematics Studies, 26
Những chủ đề:
Các nhãn: Thêm thẻ
Không có thẻ, Là người đầu tiên thẻ bản ghi này!

MARC

LEADER 00000nam a2200000 a 4500
001 UCP0350
003 CL-VaPUC
008 990305e19770000NE |||||||||||||||||eng|d
082 0 4 |a 515.7  |b HOG  |2 21 
100 0 |a Hogbe-Nlend, Henri  |e author  |9 425596 
245 1 0 |a Bornologies and functional analysis: introductory course on the theory of duality topology-bornology and its use in functional analysis 
300 |a 144 p 
942 |c BK 
945 |d 19990305 00:00:00  |a crobeson 
260 |a Amsterdam  |b North-Holland  |c 1977 
650 0 |a Análisis funcional   |9 269993 
650 0 |a Espacios vectoriales topológicos   |9 424115 
650 7 |a ESPACIOS BORNOLOGICOS  |2 CL-VaPUC  |9 425597 
650 7 |a TEORIA DE LA DUALIDAD  |2 CL-VaPUC  |9 425598 
650 0 |a Ecuaciones diferenciales  |9 260083 
583 |a last modification  |c 19990305 00:00:00  |k Rodrigo Vera 
490 0 |a North-Holland Mathematics Studies, 26 
999 |c 279175  |d 279173 
952 |0 0  |1 0  |4 0  |6 515_700000000000000_HOG_1977  |7 0  |8 A  |9 318101  |a BIBMAT  |b BIBMAT  |d 2019-11-20  |i 1324233  |o 515.7 HOG 1977  |p 1324233  |r 2025-01-07  |w 2019-11-20  |y BK  |k MAT